Countries, US States, Capitals, Elements, 100 Most Common Words: Starting with W - Statistics

General Stats
  • This quiz has been taken 9,160 times
  • The average score is 14 of 20
Answer Stats
ANSWER % Correct
We
97%
Washington
91%
Washington D.C.
91%
Wyoming
84%
When
83%
What
82%
Well
80%
Who
80%
Wisconsin
78%
West Virginia
77%
Warsaw
74%
Wellington
73%
Will
59%
Windhoek
51%
Which
50%
Want
49%
With
45%
Would
42%
Way
40%
Work
26%
No matching quizzes found
Score Distribution
Percent of People with Each Score
Percentile by Number Answered
Your Score History
You have not taken this quiz